000
00301nam a22001337a 4500
008
171211b xxu||||| |||| 00| 0 eng d
020
_a
9781256410096
041
_a
eng
080
_a
61
100
_a
4
101
_a
SHM
245
_a
MEDICAL ASSISTING WORKBOOK
_c
KEISER UNIVERSITY
942
_2
udc
_c
BK
999
_c
38867
_d
38867